Quiz nach Schulfächern - Einfach - Statistiken

Allgemein
  • Dieses Quiz wurde 550 mal gespielt
  • Das Durchschnittsergebnis liegt bei 10 aus 13
Antwortstatistiken
Kategorie Frage Antwort % Korrekt
Biologie Wie viele Beine hat ein Marinkäfer? 6
94%
Geographie Was ist das kleinste Land der Welt? Vatikan
93%
Englisch Was ist die 1. Vergangenheitsform von "go"? went
89%
Physik Was ist der größte Planet im Sonnensystem Jupiter
88%
Sport Was ist beliebteste Sportart in der USA? Football
87%
Mathe Wie nennt man ein Rechteck wo alle Seiten gleichlang sind? Quadrat
86%
Chemie Welches chemische Element ist Au? Gold
85%
Musik Wer sang "Waka Wake" bei der WM 2010? Shakira
84%
Kunst Wer hat die Mona Lisa gemalt? Leonardo da Vinci
80%
Informatik Was ist das meistgenutzte Betriebssystem auf dem Handy? Android
78%
Religion Wer hat Jesus verraten? Judas
77%
Geschichte Wer erreichte bei der Französischen Revolution den Durchbruch? Napoleon
73%
Deutsch Aus was besteht eine Erörterung? Argumenten
26%
Keine übereinstimmenden Quizze gefunden
Verteilung der Resultate
Anzahl Personen mit jedem Resultat
Perzentil nach korrekt beantworteten Fragen
Ihre Resultats-Entwicklung
Sie haben dieses Quiz noch nicht gespielt